[Event "Ch Macedonia (open)"]
[Site "masterchessopen.com Struga (Macedonia)"]
[Date "2009.07.20"]
[Round "3"]
[White "Ilic Ljubomir (MKD)"]
[Black "Koskoska Gabriela (MKD)"]
[Result "1-0"]
[WhiteElo "2296"]
[BlackElo "2188"]

1.e4 c5 2.Nf3 e6 3.d4 cxd4 4.Nxd4 a6 5.Bd3 Qc7 6.O-O Nf6 7.Nc3 Nc6 8.Nxc6 dxc6
9.f4 e5 10.fxe5 Bc5+ 11.Kh1 Ng4 12.Qf3 Be6 13.Bf4 Bd4 14.Nd5 cxd5 15.exd5 Nxe5
16.dxe6 O-O-O 17.Bxe5 Bxe5 18.exf7 Rhf8 19.Bxh7 Bxh2 20.Qh3+ Kb8 21.Qxh2 {#r}
1-0

[Event "It (open)"]
[Site "masterchessopen.com Paleochora (Greece)"]
[Date "2009.07.22"]
[Round "2"]
[White "Simeonidis Ioannis (GRE)"]
[Black "Kryvoruchko Yuriy (UKR)"]
[Result "0-1"]
[WhiteElo "2266"]
[BlackElo "2611"]

1.e4 c5 2.Nf3 e6 3.d4 cxd4 4.Nxd4 a6 5.Bd3 Ne7 6.O-O Nbc6 7.Nxc6 Nxc6 8.Qg4 g6
9.f4 Bg7 10.f5 O-O 11.Nd2 d5 12.Qh3 exf5 13.exf5 Ne5 14.g4 h5 15.gxh5 Nxd3
16.hxg6 fxg6 17.cxd3 Bxf5 18.Qg3 Qb6+ 19.Kg2 Rae8 {#R} 0-1

[Event "Memorial L.Rudenko (w)"]
[Site "masterchessopen.com Lubny (Ukraine)"]
[Date "2009.08.07"]
[Round "5"]
[White "Aslanian Ludmila K (UKR)"]
[Black "Samar Anna"]
[Result "1-0"]
[WhiteElo "2154"]
[BlackElo "2079"]

1.e4 c5 2.Nf3 e6 3.d4 cxd4 4.Nxd4 a6 5.Bd3 Qc7 6.O-O Nf6 7.Qe2 Nc6 8.Nxc6 bxc6
9.e5 Nd5 10.a3 d6 11.c4 Nb6 12.exd6 Bxd6 13.f4 Bc5+ 14.Kh1 O-O 15.b4 Bd4
16.Qe4 f5 17.Qxd4 Rd8 18.Qe3 {#r} 1-0

[Event "It (open)"]
[Site "masterchessopen.com Ricany (Czech Republic)"]
[Date "2009.08.23"]
[Round "3"]
[White "Vesecky Martin (CZE)"]
[Black "Hulin Petr (CZE)"]
[Result "0-1"]
[WhiteElo "1946"]
[BlackElo "2073"]

1.e4 c5 2.Nf3 e6 3.d4 cxd4 4.Nxd4 a6 5.Bd3 Nf6 6.O-O Qc7 7.b3 Bc5 8.c3 Nc6
9.Be3 Ne5 10.h3 d5 11.f3 O-O 12.Bc2 Ng6 13.Nd2 e5 14.Qe2 exd4 15.cxd4 Ba7
16.Rac1 Qg3 17.e5 Nh5 18.Kh1 Qxh3+ 19.gxh3 Ng3+ 20.Kg2 Nxe2 {#R} 0-1

[Event "It"]
[Site "masterchessopen.com Kimry (Russia)"]
[Date "2009.08.24"]
[Round "8"]
[White "Sorokin Evgeniy (RUS)"]
[Black "Mikaelyan Vladlen (ARM)"]
[Result "1-0"]
[WhiteElo "2289"]
[BlackElo "2076"]

1.e4 c5 2.Nf3 e6 3.d4 cxd4 4.Nxd4 a6 5.Bd3 Bc5 6.Nb3 Ba7 7.c4 Nc6 8.O-O Nge7
9.Kh1 Ng6 10.f4 O-O 11.Nc3 Bb8 12.Be3 e5 13.f5 Nf4 14.Nd5 Qg5 15.g3 Qh6 16.Qd2
{#r} 1-0

[Event "It (open)"]
[Site "masterchessopen.com Lishui (China)"]
[Date "2009.09.24"]
[Round "8"]
[White "Wan Yunguo (CHN)"]
[Black "Jia Haoxiang (CHN)"]
[Result "0-1"]
[WhiteElo "2446"]
[BlackElo "2347"]

1.e4 c5 2.Nf3 e6 3.d4 cxd4 4.Nxd4 a6 5.Bd3 Nf6 6.O-O Qc7 7.Qe2 d6 8.c4 Nbd7
9.Nc3 Be7 10.b3 O-O 11.Bb2 b6 12.Kh1 Bb7 13.f4 Rfe8 14.Rae1 g6 15.e5 Nh5
16.Qg4 dxe5 17.fxe5 Nxe5 18.Nxe6 Qd6 19.Nf4 Nxg4 {#R} 0-1

[Event "Czech League 2009/10 (1st) West"]
[Site "masterchessopen.com Czech Republic"]
[Date "2009.11.01"]
[Round "2"]
[White "Korinek Ondrej (CZE)"]
[Black "Jurasek Miroslav (CZE)"]
[Result "1-0"]
[WhiteElo "2275"]
[BlackElo "2298"]

1.e4 c5 2.Nf3 e6 3.d4 cxd4 4.Nxd4 a6 5.Bd3 Nc6 6.Nxc6 bxc6 7.O-O Qc7 8.Qe2 Bd6
9.f4 e5 10.Nd2 exf4 11.Nc4 g5 12.e5 Bc5+ 13.Kh1 h5 14.h4 Bb7 15.hxg5 O-O-O
16.Bxf4 Re8 17.b4 Bf8 18.Qf2 Re6 19.Nd6+ Bxd6 20.exd6 Qd8 21.Qa7 {#r} 1-0

[Event "Ch South FO (juniors) (under 18)"]
[Site "masterchessopen.com Elista (Russia)"]
[Date "2009.11.07"]
[Round "8"]
[White "Voronin Artem (RUS)"]
[Black "Gutyakulov Amal (RUS)"]
[Result "0-1"]
[WhiteElo "2134"]
[BlackElo "1964"]

1.e4 c5 2.Nf3 e6 3.d4 cxd4 4.Nxd4 a6 5.Bd3 Bc5 6.Nb3 Be7 7.Qg4 Nf6 8.Qxg7 Rg8
9.Qh6 Nc6 10.O-O b5 11.Nc3 Bb7 12.Be3 d6 13.Qh4 Ne5 {#R} 0-1

[Event "Ch World (juniors) (under 14) (g)"]
[Site "masterchessopen.com Kemer (Turkey)"]
[Date "2009.11.16"]
[Round "5"]
[White "Lach Aleksandra (POL)"]
[Black "Shamatava Ana (GEO)"]
[Result "1-0"]
[WhiteElo "2069"]
[BlackElo "1844"]

1.e4 c5 2.Nf3 e6 3.d4 cxd4 4.Nxd4 a6 5.Bd3 Nf6 6.O-O Qc7 7.f4 Bc5 8.c3 Qb6
9.Kh1 Bxd4 10.cxd4 Qxd4 11.Be2 Nc6 12.a3 Qc5 13.Nc3 Qa5 14.Bd2 d6 15.Be3 e5
16.Qxd6 {#r} 1-0

[Event "It (open) \"]
[Site "masterchessopen.com Belgrade (Serbia)"]
[Date "2009.11.30"]
[Round "7"]
[White "Cerovic Danilo (SRB)"]
[Black "Cvetkovic Srdjan (SRB)"]
[Result "1-0"]
[WhiteElo "2201"]
[BlackElo "2382"]

1.e4 c5 2.Nf3 e6 3.d4 cxd4 4.Nxd4 a6 5.Bd3 g6 6.c4 Bg7 7.Be3 d6 8.Nc3 Nf6
9.O-O O-O 10.f3 b6 11.Qd2 Bb7 12.Rfd1 Nbd7 13.Bf1 Qc7 14.Rac1 Ne5 15.Na4 Nfd7
16.b4 {#r} 1-0

[Event "Cup Governor's (open) (a)"]
[Site "masterchessopen.com Khanty Mansyisk (Russia)"]
[Date "2009.12.02"]
[Round "10"]
[White "Sharafiev Azat (RUS)"]
[Black "Kopylov Alexander A (RUS)"]
[Result "1-0"]
[WhiteElo "2425"]
[BlackElo "2442"]

1.e4 c5 2.Nf3 e6 3.d4 cxd4 4.Nxd4 a6 5.Bd3 Bc5 6.c3 Nc6 7.Be3 Qb6 8.Nd2 Qxb2
9.O-O Qxc3 10.Nxc6 bxc6 11.Nc4 Bxe3 12.fxe3 Nh6 13.Rb1 d5 14.Rb3 Qxb3 15.Nd6+
Kd7 16.Qxb3 Kxd6 17.Qb4+ Kd7 18.g4 Ke8 19.Qc3 {#r} 1-0

[Event "It (open)"]
[Site "masterchessopen.com Zurich (Switzerland)"]
[Date "2009.12.27"]
[Round "2"]
[White "Borner Daniel (SUI)"]
[Black "Vonlanthen Markus (SUI)"]
[Result "1-0"]
[WhiteElo "2208"]
[BlackElo "2068"]

1.e4 c5 2.Nf3 e6 3.d4 cxd4 4.Nxd4 a6 5.Bd3 d5 6.exd5 Qxd5 7.Nf3 Nf6 8.Nc3 Qa5
9.Bd2 Qc7 10.Qe2 Bd6 11.Ne4 Nxe4 12.Qxe4 f5 13.Qe2 O-O 14.O-O-O e5 15.Kb1 Nc6
16.Bc4+ Kh8 17.Bc3 e4 18.Ng5 Be5 19.Qh5 g6 20.Qh6 Qg7 21.Nf7+ Rxf7 22.Bxe5
{#r} 1-0

[Event "Ch Greece (juniors) (under 18) (g)"]
[Site "masterchessopen.com Peristeri (Greece)"]
[Date "2010.01.04"]
[Round "3"]
[White "Terzidaki Alexandra (GRE)"]
[Black "Fragaki Maria (GRE)"]
[Result "1-0"]
[WhiteElo "1885"]
[BlackElo "1930"]

1.e4 c5 2.Nf3 e6 3.d4 cxd4 4.Nxd4 a6 5.Bd3 Qc7 6.O-O Nf6 7.Kh1 Bc5 8.Nb3 Be7
9.f4 d6 10.c4 Nbd7 11.Nc3 b6 12.Qe2 Bb7 13.Bd2 h5 14.Rae1 h4 15.Nd4 Nh5 16.Nd5
Qd8 17.e5 dxe5 18.fxe5 Bc5 19.Qg4 Bxd4 20.Qxe6+ {#r} 1-0

[Event "Ch City (team)"]
[Site "masterchessopen.com Madrid (Spain)"]
[Date "2010.01.10"]
[Round "5"]
[White "Sanchez Naranjo Jose Manuel (ESP)"]
[Black "Vallejo Diaz Jesus (ESP)"]
[Result "0-1"]
[WhiteElo "2108"]
[BlackElo "2273"]

1.e4 c5 2.Nf3 e6 3.d4 cxd4 4.Nxd4 a6 5.Bd3 Bc5 6.Nb3 Be7 7.O-O Nc6 8.Nc3 Nf6
9.f4 d6 10.Qe2 Qc7 11.Be3 O-O 12.g4 Re8 13.g5 Nd7 14.Qf2 g6 15.Qh4 f6 16.f5
fxg5 17.Bxg5 Bxg5 18.Qxg5 Nde5 19.Rf2 Qb6 20.Rf1 Nf3+ {#R} 0-1

[Event "Memorial Kirov (open)"]
[Site "masterchessopen.com Blagoevgrad (Bulgaria)"]
[Date "2010.01.15"]
[Round "7"]
[White "Karadimov Marin (BUL)"]
[Black "Todorov Ognjan (BUL)"]
[Result "1-0"]
[WhiteElo "2055"]
[BlackElo "2296"]

1.e4 c5 2.Nf3 e6 3.d4 cxd4 4.Nxd4 a6 5.Bd3 Nf6 6.O-O Qc7 7.Qe2 d6 8.Kh1 Be7
9.f4 Nbd7 10.Nc3 O-O 11.Nf3 g6 12.f5 exf5 13.exf5 Re8 14.fxg6 hxg6 15.Bg5 b5
16.Qf2 Bd8 17.Qh4 Bb7 18.Nd4 Nh7 19.Rxf7 Kxf7 20.Rf1+ Ndf6 {#r} 1-0

[Event "Oberliga East B 2009/10"]
[Site "masterchessopen.com Germany"]
[Date "2010.01.23"]
[Round "6"]
[White "Drill Frank (GER)"]
[Black "Hannes Diana (GER)"]
[Result "1-0"]
[WhiteElo "2142"]
[BlackElo "2179"]

1.e4 c5 2.Nf3 e6 3.d4 cxd4 4.Nxd4 a6 5.Bd3 Nf6 6.O-O Qc7 7.Qe2 d6 8.c4 Be7
9.Nc3 b6 10.Kh1 Bb7 11.f4 Nc6 12.Nxc6 Bxc6 13.b3 O-O 14.Bb2 Nd7 15.Qh5 g6
16.Qh6 Bf6 17.Rf3 Bg7 18.Qxg7+ Kxg7 19.Nd5+ Kg8 20.Ne7# 1-0

[Event "It (open) (b)"]
[Site "masterchessopen.com Kouty nad Desnou (Czech Republic)"]
[Date "2010.03.12"]
[Round "8"]
[White "Mensik Frantisek"]
[Black "Petr Jan (CZE)"]
[Result "0-1"]
[WhiteElo "1690"]
[BlackElo "2199"]

1.e4 c5 2.Nf3 e6 3.d4 cxd4 4.Nxd4 a6 5.Bd3 Qc7 6.O-O Nc6 7.Nxc6 dxc6 8.f4 Bc5+
9.Kh1 Nf6 10.Nc3 O-O 11.f5 Bd6 12.Bg5 Be5 13.Rf3 Ng4 14.Qe1 Bxc3 15.bxc3 Qxh2#
0-1

[Event "Ch Iraq"]
[Site "masterchessopen.com Bagdad (Iraq)"]
[Date "2010.03.17"]
[Round "9"]
[White "Naseer Flaiih Hassan (IRQ)"]
[Black "Ahmed Abdul Sattar (IRQ)"]
[Result "0-1"]
[WhiteElo "2173"]
[BlackElo "2342"]

1.e4 c5 2.Nf3 e6 3.d4 cxd4 4.Nxd4 a6 5.Bd3 Nf6 6.O-O d6 7.Nc3 Be7 8.Be3 Qc7
9.a4 b6 10.f3 Bb7 11.Kh1 Nbd7 12.Qe2 O-O 13.Qf2 Rfe8 14.Qg3 Rac8 15.h3 g6
16.Qf2 {#R} 0-1

[Event "Ch Montenegro (1/2 final)"]
[Site "masterchessopen.com Cetinje (Montenegro)"]
[Date "2010.05.26"]
[Round "5"]
[White "Draskovic Luka (MNE)"]
[Black "Lekic Lazar (MNE)"]
[Result "1-0"]
[WhiteElo "2172"]
[BlackElo "1958"]

1.e4 c5 2.Nf3 e6 3.d4 cxd4 4.Nxd4 a6 5.Bd3 Bc5 6.Nb3 Be7 7.Nc3 d6 8.O-O Nf6
9.Bd2 Qc7 10.Qe2 Nbd7 11.a4 b6 12.Rae1 Bb7 13.f4 Nc5 14.Nxc5 dxc5 15.f5 O-O
16.e5 Nd5 17.Nxd5 Bxd5 18.f6 Bd8 19.Bxh7+ {#r} 1-0

[Event "Ch Bulgaria (team) (2 div)"]
[Site "masterchessopen.com Albena (Bulgaria)"]
[Date "2010.05.28"]
[Round "3"]
[White "Lazarov Alexander (BUL)"]
[Black "Velikov Petar (BUL)"]
[Result "0-1"]
[WhiteElo "2224"]
[BlackElo "2417"]

1.e4 c5 2.Nf3 e6 3.d4 cxd4 4.Nxd4 a6 5.Bd3 Nf6 6.O-O Qc7 7.c4 Nc6 8.Nxc6 dxc6
9.f4 Bc5+ 10.Kh1 e5 11.f5 h5 12.Qe2 Ng4 13.Nc3 Qd8 14.Nd1 Nxh2 15.Re1 Qh4
16.g3 Qxg3 17.Be3 Nf3 {#R} 0-1

[Event "Ch Brazil (juniors) (under 18)"]
[Site "masterchessopen.com Catanduva (Brazil)"]
[Date "2010.06.06"]
[Round "7"]
[White "Schumyatsky Victor"]
[Black "Macedo Thiago Crema (BRA)"]
[Result "1-0"]
[WhiteElo "2332"]
[BlackElo "2084"]

1.e4 c5 2.Nf3 e6 3.d4 cxd4 4.Nxd4 a6 5.Bd3 Nc6 6.Nxc6 dxc6 7.O-O e5 8.a4 Be6
9.Nd2 Nf6 10.Qe2 b5 11.Rd1 Rc8 12.axb5 axb5 13.Nf3 Qc7 14.Be3 Ng4 15.Ng5 Bd7
16.Ra7 Qd8 17.Nxf7 Kxf7 18.Qxg4 Rc7 19.Rxc7 Qxc7 20.Bc4+ Ke8 21.Bf7+ Kd8
22.Bb6 {#r} 1-0

[Event "It (open) (b)"]
[Site "masterchessopen.com Voronezh (Russia)"]
[Date "2010.06.17"]
[Round "6"]
[White "Didy Kaplan (RUS)"]
[Black "Gritsenko Vladimir (RUS)"]
[Result "0-1"]
[WhiteElo "2012"]
[BlackElo "2217"]

1.e4 c5 2.Nf3 e6 3.d4 cxd4 4.Nxd4 a6 5.Bd3 Bc5 6.Nb3 Be7 7.Be3 d6 8.O-O Nc6
9.f4 Nf6 10.N1d2 b6 11.c3 e5 12.f5 g6 13.Bg5 gxf5 14.Bxf6 Bxf6 15.Qh5 f4 {#R}
0-1

[Event "Memorial V.Kibizov (open)"]
[Site "masterchessopen.com Cheliabinsk (Russia)"]
[Date "2010.06.27"]
[Round "4"]
[White "Krapivin Viktor (RUS)"]
[Black "Gromak Ivan (RUS)"]
[Result "0-1"]
[WhiteElo "1928"]
[BlackElo "1777"]

1.e4 c5 2.Nf3 e6 3.d4 cxd4 4.Nxd4 a6 5.Bd3 Nc6 6.Nxc6 bxc6 7.c4 Qc7 8.O-O Nf6
9.b3 Bd6 10.f4 Bc5+ 11.Rf2 Qb6 12.Qe2 Ng4 13.Qxg4 Bxf2+ 14.Kf1 Bd4 {#R} 0-1

[Event "It (open)"]
[Site "masterchessopen.com Marrakesh (Morocco)"]
[Date "2010.06.27"]
[Round "3"]
[White "Luther Thomas (GER)"]
[Black "David Alberto (LUX)"]
[Result "0-1"]
[WhiteElo "2545"]
[BlackElo "2589"]

1.e4 c5 2.Nf3 e6 3.d4 cxd4 4.Nxd4 a6 5.Bd3 Bc5 6.Nb3 Be7 7.O-O d6 8.c4 Nf6
9.Nc3 b6 10.Be3 O-O 11.f3 Bb7 12.Qd2 Nbd7 13.Rfc1 Qc7 14.Bf1 Rab8 15.Nd4 Rfd8
16.Kh1 Kh8 17.h4 Ba8 18.a3 Qc8 19.Nd1 {#R} 0-1

[Event "Ch Hungary (juniors) (under 14)"]
[Site "masterchessopen.com Budapest (Hungary)"]
[Date "2010.06.30"]
[Round "5"]
[White "Hajas Tamas (HUN)"]
[Black "Felmery Mate (HUN)"]
[Result "0-1"]
[WhiteElo "1810"]
[BlackElo "1816"]

1.e4 c5 2.Nf3 e6 3.d4 cxd4 4.Nxd4 a6 5.Bd3 Qc7 6.O-O Nc6 7.Nxc6 dxc6 8.Be3 Nf6
9.f4 b5 10.Nd2 Bb7 11.Rc1 Rd8 12.Qe2 c5 13.c4 b4 14.Bb1 h5 15.e5 Ng4 16.Rcd1
Qe7 17.h3 Qh4 18.Nf3 Qg3 19.Rxd8+ Kxd8 20.Rd1+ Kc7 21.hxg4 hxg4 22.Ng5 Bxg2
{#R} 0-1

[Event "Ch Poland (team) (juniors) (2 liga)"]
[Site "masterchessopen.com Chelm (Poland)"]
[Date "2010.07.08"]
[Round "4"]
[White "Marczuk Dominik (POL)"]
[Black "Luczka Szymon (POL)"]
[Result "1-0"]
[WhiteElo "1908"]
[BlackElo "1571"]

1.e4 c5 2.Nf3 e6 3.d4 cxd4 4.Nxd4 a6 5.Bd3 Qc7 6.O-O Nf6 7.f4 Bc5 8.c3 Nc6
9.Kh1 d6 10.Nd2 Bxd4 11.cxd4 Nxd4 12.e5 dxe5 13.fxe5 Nd5 14.Nc4 Rf8 15.Nd6+
Ke7 16.Qg4 Nc6 17.Qxg7 Nd8 18.Bg5+ Kd7 19.Qxf8 b5 20.Qe8# 1-0

[Event "Ch Croatia (juniors) (under 19) (g)"]
[Site "masterchessopen.com Bjelolasica (Croatia)"]
[Date "2010.07.26"]
[Round "3"]
[White "Deur Zrinka (CRO)"]
[Black "Starcevic Andrea (CRO)"]
[Result "1-0"]
[WhiteElo "2037"]
[BlackElo "1770"]

1.e4 c5 2.Nf3 e6 3.d4 cxd4 4.Nxd4 a6 5.Bd3 Qc7 6.O-O Nf6 7.Qe2 d6 8.c4 Be7
9.Nc3 Nc6 10.Nxc6 bxc6 11.f4 Nd7 12.Be3 Bf6 13.Rad1 O-O 14.Kh1 c5 15.Bb1 Nb8
16.Qd3 Rd8 17.e5 dxe5 18.Qxh7+ Kf8 19.fxe5 Bxe5 20.Rxd8+ Qxd8 21.Qh8+ Ke7
22.Bxc5+ {#r} 1-0

[Event "It (open)"]
[Site "masterchessopen.com Teteven (Bulgaria)"]
[Date "2010.08.14"]
[Round "1"]
[White "Georgiev Emil (BUL)"]
[Black "Janachkov Angel (BUL)"]
[Result "0-1"]
[WhiteElo "1769"]
[BlackElo "2212"]

1.e4 c5 2.Nf3 e6 3.d4 cxd4 4.Nxd4 a6 5.Bd3 Nf6 6.Bg5 d6 7.Nc3 b5 8.O-O Bb7
9.Kh1 Be7 10.f3 Nbd7 11.h4 h6 12.Be3 Nh5 13.Nde2 Bxh4 14.Bxb5 axb5 15.Nxb5 O-O
16.Nxd6 Ba6 17.c4 Ng3+ 18.Nxg3 Bxg3 19.Rf2 Qh4+ 20.Kg1 Qh2+ 21.Kf1 Bxd6 {#R}
0-1

[Event "Cup Governor's (open)"]
[Site "masterchessopen.com Khanty Mansyisk (Russia)"]
[Date "2010.08.19"]
[Round "3"]
[White "Denisov Ivan (RUS)"]
[Black "Zemerov Eugeny (RUS)"]
[Result "1-0"]
[WhiteElo "2267"]
[BlackElo "2056"]

1.e4 c5 2.Nf3 e6 3.d4 cxd4 4.Nxd4 a6 5.Bd3 Qc7 6.O-O Nf6 7.c4 b6 8.Be3 Be7
9.Nc3 Bb7 10.f4 d6 11.Kh1 Nbd7 12.Nb3 Rc8 13.Qe2 O-O 14.Rae1 Rfe8 15.Bf2 d5
16.cxd5 exd5 17.e5 Ne4 18.Nxe4 dxe4 19.Bxe4 Nc5 20.Nxc5 Bxc5 21.Bxc5 Bxe4
22.Bd6 {#r} 1-0

[Event "It (open)"]
[Site "masterchessopen.com Iasi (Romania)"]
[Date "2010.08.25"]
[Round "9"]
[White "Vedmediuc Serghei (MDA)"]
[Black "Manole Stefan"]
[Result "1-0"]
[WhiteElo "2438"]
[BlackElo "1927"]

1.e4 c5 2.Nf3 e6 3.d4 cxd4 4.Nxd4 a6 5.Bd3 b5 6.O-O Nc6 7.Nxc6 dxc6 8.a4 Bb7
9.Nd2 Nf6 10.Nb3 Be7 11.Be3 O-O 12.f3 Qc7 13.Qe2 Rfd8 14.Qf2 Nd7 15.Be2 Rab8
16.Rfd1 b4 17.Qg3 Qxg3 18.hxg3 c5 19.Na5 Ba8 20.Bxa6 Nb6 21.Bb5 Rdc8 22.Bf4
{#r} 1-0

[Event "It (open)"]
[Site "masterchessopen.com Cerdaniola del Valles (Spain)"]
[Date "2010.10.16"]
[Round "3"]
[White "Garcia Playa David"]
[Black "Bover De La Cruz Pol (ESP)"]
[Result "1-0"]
[WhiteElo "1738"]
[BlackElo "1626"]

1.e4 c5 2.Nf3 e6 3.d4 cxd4 4.Nxd4 a6 5.Bd3 Bc5 6.Nb3 Ba7 7.O-O e5 8.Nc3 d6
9.Kh1 Nc6 10.f4 Nge7 11.Qf3 O-O 12.f5 f6 13.Bc4+ Kh8 14.Qh5 b5 15.Bd5 b4
16.Rf3 Qe8 17.Qxh7+ {#r} 1-0

[Event "Memorial M.Chigorin (open)"]
[Site "masterchessopen.com St. Petersburg (Russia)"]
[Date "2010.10.28"]
[Round "1"]
[White "Massironi Marco (ITA)"]
[Black "Neverov Valeriy (UKR)"]
[Result "0-1"]
[WhiteElo "2156"]
[BlackElo "2519"]

1.e4 c5 2.Nf3 e6 3.d4 cxd4 4.Nxd4 a6 5.Bd3 Bc5 6.Nb3 Ba7 7.Qg4 Nf6 8.Qg3 d6
9.Nc3 e5 10.Bg5 Be6 11.f4 Nbd7 12.f5 Bxb3 13.axb3 h6 14.Bxf6 Nxf6 15.Bc4 O-O
16.O-O-O Bd4 17.Qf3 b5 18.Bd5 Rc8 19.b4 Qc7 20.Bb3 Bxc3 21.bxc3 a5 22.bxa5
Qxa5 {#R} 0-1

[Event "Tournament (Elo)"]
[Site "masterchessopen.com Kecskemet (Hungary)"]
[Round "8"]
[White "Marosi Csaba (HUN)"]
[Black "Erdelyi Tamas (HUN)"]
[Result "0-1"]
[WhiteElo "2089"]
[BlackElo "2164"]

1.e4 c5 2.Nf3 e6 3.d4 cxd4 4.Nxd4 a6 5.Bd3 Bc5 6.Be3 Qc7 7.Nc3 Nf6 8.O-O h5
9.Qe2 Ng4 10.f4 d6 11.e5 Nc6 12.exd6 Nxd4 13.dxc7 Nxe2+ 14.Bxe2 Nxe3 15.Ne4
Ba7 16.Nd6+ Ke7 17.Nxc8+ Raxc8 18.Rfc1 Nxc2+ 19.Kh1 Nxa1 {#R} 0-1

[Event "Tournament (open)"]
[Site "masterchessopen.com Backa Topola (Serbia)"]
[Date "2010.11.29"]
[Round "6"]
[White "Tovilovic Milomir (SRB)"]
[Black "Ikras Djura (SRB)"]
[Result "1-0"]
[WhiteElo "2219"]
[BlackElo "2105"]

1.e4 c5 2.Nf3 e6 3.d4 cxd4 4.Nxd4 a6 5.Bd3 Nf6 6.O-O Qc7 7.Nc3 Bd6 8.h3 Nc6
9.Be3 b6 10.Qe2 Bb7 11.f4 Nxd4 12.Bxd4 Bxf4 13.e5 {#r} 1-0

[Event "Tournament (team) \"]
[Site "masterchessopen.com Baku (Azerbaijan)"]
[Date "2010.12.27"]
[Round "7"]
[White "Rasulov Vugar (AZE)"]
[Black "Heydarli Kanan Beyukkishi Oglu (AZE)"]
[Result "1-0"]
[WhiteElo "2476"]
[BlackElo "2301"]

1.e4 c5 2.Nf3 e6 3.d4 cxd4 4.Nxd4 a6 5.Bd3 b5 6.O-O Bb7 7.a4 bxa4 8.Rxa4 Nf6
9.Nc3 Be7 10.e5 Nd5 11.Ne4 O-O 12.Qh5 g6 13.Qh6 f5 14.exf6 Nxf6 15.Ng5 Qe8
16.Nb3 e5 17.Rh4 e4 18.Nxh7 Nh5 19.Rg4 Rf7 20.Qxg6+ Kh8 21.Qxh5 {#r} 1-0

[Event "Ch City (open)"]
[Site "masterchessopen.com Paracin (Serbia)"]
[Date "2011.01.29"]
[Round "3"]
[White "Zajic Milan (SRB)"]
[Black "Cvetanovic Uros (SRB)"]
[Result "0-1"]
[WhiteElo "2110"]
[BlackElo "2236"]

1.e4 c5 2.Nf3 e6 3.d4 cxd4 4.Nxd4 a6 5.Bd3 Nf6 6.Qe2 d6 7.O-O Nbd7 8.c4 Ne5
9.Bc2 Qb6 10.Nf3 Bd7 11.b3 Bc6 12.Bb2 Ng6 13.Nc3 Nf4 14.Qd2 Ng6 15.Qe2 Be7
16.Nd5 exd5 17.exd5 Bd7 18.Bxf6 gxf6 19.Nh4 Nxh4 20.Rfe1 Qd8 21.c5 Kf8 {#R}
0-1

[Event "Ch Poland (juniors) (under 18)"]
[Site "masterchessopen.com Murzasichle (Poland)"]
[Date "2011.03.05"]
[Round "1"]
[White "Jedras Piotr (POL)"]
[Black "Weichhold Pawel (POL)"]
[Result "0-1"]
[WhiteElo "1953"]
[BlackElo "2288"]

1.e4 c5 2.Nf3 e6 3.d4 cxd4 4.Nxd4 a6 5.Bd3 Bc5 6.Nb3 Be7 7.O-O d6 8.Qe2 Nd7
9.c4 Qc7 10.Nc3 b6 11.f4 Bb7 12.Bd2 Bf6 13.Rae1 Ne7 14.g4 h6 15.Qf2 Nc6 16.a3
Nc5 17.Nxc5 bxc5 18.e5 dxe5 19.Qxc5 O-O-O 20.fxe5 Rxd3 21.exf6 Rxd2 22.fxg7
Qxh2# 0-1

[Event "Ch Moscow (1/2 final)"]
[Site "masterchessopen.com Moscow (Russia)"]
[Date "2011.03.13"]
[Round "1"]
[White "Rosanov Lev I (RUS)"]
[Black "Stukopin Andrey (RUS)"]
[Result "0-1"]
[WhiteElo "2100"]
[BlackElo "2438"]

1.e4 c5 2.Nf3 e6 3.d4 cxd4 4.Nxd4 a6 5.Bd3 Bc5 6.Nb3 Ba7 7.O-O Nc6 8.Qg4 Nf6
9.Qxg7 Rg8 10.Qh6 Ne5 11.Nc3 Rg6 12.Qh4 Nf3+ {#R} 0-1

[Event "Czech League 2010/11 (1st) East"]
[Site "masterchessopen.com Czech Republic"]
[Date "2011.04.03"]
[Round "11"]
[White "Brecka Ivan (CZE)"]
[Black "Kanovsky David (CZE)"]
[Result "1-0"]
[WhiteElo "2314"]
[BlackElo "2462"]

1.e4 c5 2.Nf3 e6 3.d4 cxd4 4.Nxd4 a6 5.Bd3 Qc7 6.O-O Nf6 7.c4 d6 8.Nc3 g6
9.Bg5 Bg7 10.Qd2 h6 11.Bh4 Nbd7 12.Rad1 g5 13.Bg3 Ne5 14.Be2 Bd7 15.Nb3 Ke7
16.f4 gxf4 17.Qxf4 Nh7 18.Qf2 Rhf8 19.c5 dxc5 20.Nxc5 Bc6 21.Nxe6 {#r} 1-0

[Event "Olympiad (national) (juniors) (under 14) (g)"]
[Site "masterchessopen.com Suwalki (Poland)"]
[Date "2011.04.16"]
[Round "4"]
[White "Rogacka Natalia (POL)"]
[Black "Szczesniak Zuzanna (POL)"]
[Result "1-0"]
[WhiteElo "1494"]
[BlackElo "1396"]

1.e4 c5 2.Nf3 e6 3.d4 cxd4 4.Nxd4 a6 5.Bd3 Nc6 6.Be3 Nf6 7.O-O Be7 8.Nc3 O-O
9.f4 d5 10.e5 Nd7 11.Qh5 h6 12.Rf3 Bh4 13.Rh3 Be7 14.Nxe6 Qe8 15.Nxg7 {#r} 1-0

[Event "Ch World (schools) (under 11) (g)"]
[Site "masterchessopen.com Krakow (Poland)"]
[Date "2011.05.03"]
[Round "4"]
[White "Parol Pola (POL)"]
[Black "Bauyrzhan Arnash (KAZ)"]
[Result "0-1"]
[WhiteElo "1558"]
[BlackElo "1845"]

1.e4 c5 2.Nf3 e6 3.d4 cxd4 4.Nxd4 a6 5.Bd3 Bc5 6.Nb3 Ba7 7.O-O Nc6 8.c4 Nf6
9.Nc3 O-O 10.Bg5 h6 11.Bh4 Ne5 12.Kh1 g5 13.Bg3 d6 14.f4 gxf4 15.Bxf4 Neg4
16.Qf3 e5 17.Bd2 Nh7 18.h3 Qh4 19.Be1 Qh5 20.Nd5 Kh8 {#R} 0-1

[Event "Ch Germany (juniors) (Internet) (under 18) (final)"]
[Site "masterchessopen.com Internet"]
[Date "2011.05.18"]
[Round "2"]
[White "Braun Georg (GER)"]
[Black "Hahn Markus (GER)"]
[Result "1-0"]
[WhiteElo "2127"]
[BlackElo "2167"]

1.e4 c5 2.Nf3 e6 3.d4 cxd4 4.Nxd4 a6 5.Bd3 Nf6 6.O-O Qc7 7.Qe2 d6 8.c4 Nbd7
9.f4 b6 10.Nc3 Bb7 11.Bd2 g6 12.f5 e5 13.Nf3 gxf5 14.exf5 Be7 15.Rac1 Rg8
16.Ne4 Rg6 17.fxg6 {#r} 1-0